000 00471nam a22001457a 4500
082 _a621.56
_bAIR
_cL-8, P-1
100 _aAmerican society of refrigerating engineers
_941895
245 _aAir conditioning refrigerating data book
250 _adesign volume 9th ed.
260 _aNew York
_bThe American society of refrigerating engineers.
_c1955
300 _a1-16, 231 p.
_bill.
526 _a0
_b0
_c0
_d621_560000000000000_AIR
650 _aMCE
_9379
942 _2ddc
_cBK
999 _c545915
_d545915